Taylor Swift Eras Tour Surprise Songs - Statistics

General Stats
  • This quiz has been taken 248 times
    227 since last reset
  • The average score is 123 of 149
Answer Stats
Hint Answer % Correct
Singapore N6 Tim McGraw | cowboy like me | mirrorball | epiphany
98%
Miami N1 Tim McGraw | Timeless | this is me trying | Daylight
97%
Glendale N1 mirrorball | Tim McGraw
96%
Liverpool N1 I Can See You | Mine | Cornelia Street | Maroon
95%
Sydney N4 Would've Could've Should've | ivy | Forever & Always | Maroon
95%
Vancouver N3 A Place in this World | New Romantics | Long Live | New Year's Day | The Manuscript
93%
Singapore N4 Death By A Thousand Cuts | Babe | Fifteen | You're On Your Own, Kid
93%
East Rutherford N1 Getaway Car | Maroon
93%
London N1 Hits Different | Death By A Thousand Cuts | The Black Dog | Come Back...Be Here | Maroon
93%
Warsaw N2 I Can Fix Him (No Really I Can) | I Can See You | Red | Maroon
93%
Vancouver N2 I Love You, I'm Sorry | Last Kiss | The Tortured Poets Department | Maroon
93%
Buenos Aires N2 Is It Over Now? | Out Of The Woods | End Game
93%
London N7 Long Live | Change | The Archer | You're On Your Own, Kid
93%
Warsaw N1 mirrorball | Clara Bow | Suburban Legends | New Year's Day
93%
Milan N2 Mr. Perfectly Fine | Red | Getaway Car | Out Of The Woods
93%
Lyon N1 The Prophecy | long story short | Fifteen | You're On Your Own, Kid
93%
Indianapolis N2 The Prophecy | This Love | Maroon | cowboy like me
93%
Lisbon N2 The Tortured Poets Department | Now That We Don't Talk | You're On Your Own, Kid | Long Live
93%
Toronto N3 us. | Out of the Woods | You're On Your Own, Kid | long story short
93%
Mexico City N4 Afterglow | Maroon
92%
Melbourne N2 Getaway Car | august | The Other Side Of The Door | this is me trying
92%
Paris N3 Hey Stephen | Maroon
92%
New Orleans N1 Our Song | Call It What You Want | The Black Dog | Haunted
92%
Toronto N5 Ours | the last great american dynasty | Cassandra | mad woman | I Did Something Bad
92%
London N3 us. | Out Of The Woods | Is It Over Now? | Clean
92%
Los Angeles N1 I Can See You | Maroon
91%
Singapore N1 Mine | Starlight | I Don't Wanna Live Forever | Dress
91%
Miami N3 Out Of The Woods| All You Had To Do Was Stay | mirrorball | Guilty as Sin?
91%
Dublin N1 State Of Grace | You're On Your Own, Kid | Sweet Nothing | hoax
91%
Dublin N3 Clara Bow | The Lucky One | You're On Your Own, Kid
90%
Mexico City N3 Cornelia Street | You're On Your Own, Kid
90%
London N8 Death By A Thousand Cuts | Getaway Car | So Long, London
90%
Los Angeles N3 Death By A Thousand Cuts | You're On Your Own, Kid
90%
Paris N2 Is It Over Now? | Out Of The Woods | My Boy Only Breaks His Favorite Toys
90%
Arlington N1 Sad Beautiful Tragic | Ours
90%
Miami N2 Should've Said No | I Did Something Bad | loml | White Horse
90%
Tampa N2 The Great War | You're On Your Own, Kid
90%
New Orleans N2 Espresso | Is It Over Now? | Please Please Please | Hits Different | Welcome to New York
89%
Munich N1 Fresh Out The Slammer | You Are In Love | ivy | Call It What You Want
89%
Toronto N2 I Don't Wanna Live Forever | Mine | evermore | Peter
89%
Sydney N3 Is It Over Now? | I Wish You Would | Haunted | exile
89%
Edinburgh N3 It's Nice To Have A Friend | dorothea | Haunted | exile
89%
Dublin N2 The Albatross | Dancing With Our Hands Tied | This Love | Ours
89%
Indianapolis N1 The Albatross | Holy Ground | Cold As You | exile
89%
Minneapolis N2 Dear John | Daylight
88%
Arlington N2 Death By A Thousand Cuts | Clean
88%
Singapore N2 long story short | The Story Of Us | Clean | evermore
88%
Stockholm N3 Message In A Bottle | How You Get The Girl | New Romantics | How Did It End?
88%
Madrid N2 Our Song | Jump Then Fall | King of my Heart
88%
Las Vegas N1 Our Song | Snow On The Beach
88%
Los Angeles N2 Our Song | You Are In Love
88%
Toronto N6 Sparks Fly | Message In A Bottle | You're Losing Me | How Did It End?
88%
Gelsenkirchen N2 Speak Now | Hey Stephen | this is me trying | Labyrinth
88%
Warsaw N3 Today Was A Fairytale | I Think He Knows | The Black Dog | exile
88%
New Orleans N3 Afterglow | Dress | How You Get The Girl | Clean
87%
Melbourne N3 Come Back...Be Here | Daylight | Teardrops On My Guitar
87%
Tokyo N4 Come In With The Rain | You're On Your Own, Kid
87%
Indianapolis N3 Cornelia Street | The Bolter | Death By A Thousand Cuts | The Great War
87%
Los Angeles N4 Dress | exile
87%
London N4 Everything Has Changed | End Game | Thinking Out Loud | King Of My Heart | The Alchemy
87%
Stockholm N2 Guilty as Sin? | Say Don't Go | Welcome To New York | Clean
87%
Vancouver N1 Haunted | Wonderland | Never Grow Up | The Best Day
87%
London N5 London Boy | Dear John | Sad Beautiful Tragic
87%
Rio De Janeiro N3 ME! | So It Goes...
87%
Toronto N1 My Boy Only Breaks His Favorite Toys | This Is Why We Can't Have Nice Things | False God | 'tis the damn season
87%
Zürich N1 right where you left me | All You Had To Do Was Stay | Last Kiss | Sad Beautiful Tragic
87%
Sydney N2 Should've Said No | You're Not Sorry | New Year's Day | Peace
87%
Singapore N5 Sparks Fly | Gold Rush | False God | "Slut!"
87%
Edinburgh N2 The Bolter | Getaway Car | All Of The Girls You Loved Before | Crazier
87%
Munich N2 I Don't Wanna Live Forever | imgonnagetyouback | loml | Don't You
86%
Cincinnati N2 ivy | I miss you, I'm sorry | Call It What You Want
86%
Los Angeles N6 New Romantics | New Year's Day
86%
Paris N4 The Alchemy | Treacherous | Begin Again | Paris
86%
Edinburgh N1 Would've, Could've, Should've | I Know Places | 'tis the damn season | Daylight
86%
Liverpool N3 Carolina | no body, no crime | The Manuscript | Red
85%
Amsterdam N1 Guilty as Sin? | Untouchable | The Archer | Question...?
85%
Toronto N4 Mr. Perfectly Fine | Better Than Revenge | State of Grace | Labyrinth
85%
Nashville N2 Out Of The Woods | Fifteen
85%
Singapore N3 Foolish One | Tell Me Why | This Love | Call It What You Want
84%
Glendale N2 State Of Grace | this is me trying
84%
Amsterdam N3 Sweeter Than Fiction | Holy Ground | Mary's Song (Oh My My My) | So High School | Everything Has Changed
84%
East Rutherford N3 Welcome To New York | Clean
84%
Lisbon N1 Come Back...Be Here | The Way I Loved You | The Other Side Of The Door | Fresh Out The Slammer | High Infidelity
83%
Amsterdam N2 imgonnagetyouback | Dress | You Are In Love | cowboy like me
83%
Stockholm N1 I Think He Knows | Gorgeous | Peter
83%
Foxborough N3 I Think He Knows | Red
83%
Paris N1 Paris | loml
83%
Melbourne N1 Red | You're Losing Me
83%
Madrid N1 Sparks Fly | I Can Fix Him (No Really I Can) | I Look In People's Windows | Snow On The Beach
83%
Gelsenkirchen N1 Superstar | invisible string | "Slut!" | False God
83%
Sydney N1 How You Get The Girl | White Horse | coney island
82%
Liverpool N2 This Is What You Came For | gold rush | The Great War | You're Losing Me
82%
Las Vegas N2 cowboy like me | White Horse
81%
Tampa N3 mad woman | Mean
81%
London N2 thanK you aIMee | Mean | Castles Crumbling
80%
Nashville N3 Would've Could've Should've | Mine
80%
Detroit N1 Haunted | I Almost Do
79%
Cardiff I Forgot That You Existed | This Is Why We Can't Have Nice Things | I Hate It Here | the lakes
79%
Gelsenkirchen N3 Paper Rings | Stay Stay Stay | it's time to go | Better Man
79%
Nashville N1 Sparks Fly | Teardrops On My Guitar
79%
Tampa N1 Speak Now | Treacherous
79%
Milan N1 the 1 | Wonderland | I Almost Do | The Moment I Knew
79%
Hamburg N2 the last great american dynasty | Run | Nothing New | Dear Reader
79%
Lyon N2 Glitch | Everything Has Changed | Chloe or Sam or Sophia or Marcus
78%
Los Angeles N5 I Know Places | King Of My Heart
77%
Denver N1 Picture To Burn | Timeless
77%
Foxborough N2 Question...? | Invisible
77%
Zürich N2 closure | A Perfectly Good Heart | Robin | Never Grow Up
76%
Mexico City N2 Tell Me Why | Snow On The Beach
76%
East Rutherford N2 Holy Ground | False God
75%
London N6 I Did Something Bad | My Boy Only Breaks His Favourite Toys | coney island
75%
Hamburg N1 Teardrops On My Guitar | The Last Time | We Were Happy | happiness
75%
Atlanta N1 The Other Side Of The Door | coney island
75%
Tokyo N1 Dear Reader | Holy Ground
74%
Philadelphia N2 Forever & Always | This Love
74%
Philadelphia N1 gold rush | Come Back...Be Here
74%
Philadelphia N3 Hey Stephen | The Best Day
74%
Atlanta N3 I Bet You Think About Me | How You Get The Girl
74%
Kansas City N2 Last Kiss | dorothea
74%
Kansas City N1 Never Grow Up | When Emma Falls In Love
74%
São Paulo N1 Now That We Don't Talk | Innocent
74%
Pittsburgh N2 seven | The Story Of Us
74%
Seattle N1 This Is Why We Can't Have Nice Things | Everything Has Changed
74%
Buenos Aires N3 Better Than Revenge | "Slut!"
73%
Cincinnati N1 I'm Only Me When I'm With You | evermore
73%
Denver N2 Starlight | Back To December
73%
Buenos Aires N1 The Very First Night | Labyrinth
72%
Houston N1 Wonderland | You're Not Sorry
72%
Foxborough N1 Should've Said No | Better Man
70%
Detroit N2 All You Had To Do Was Stay | Breathe
69%
Chicago N1 I Wish You Would | the lakes
69%
Santa Clara N1 right where you left me | Castles Crumbling
69%
São Paulo N3 Say Don't Go | it's time to go
69%
Rio De Janeiro N1 Stay Beautiful | Suburban Legends
69%
Rio De Janeiro N2 Dancing With Our Hands Tied | Bigger Than The Whole Sky
68%
Atlanta N2 High Infidelity | Gorgeous
68%
Houston N3 Begin Again | Cold As You
67%
Chicago N3 Hits Different | The Moment I Knew
67%
Pittsburgh N1 Mr. Perfectly Fine | The Last Time
65%
Houston N2 A Place in this World | Today Was A Fairytale
64%
Seattle N2 Message In A Bottle | Tied Together with a Smile
64%
Santa Clara N2 Stay Stay Stay | All Of The Girls You Loved Before
64%
Tokyo N3 Superman | The Outside
63%
Arlington N3 Jump Then Fall | The Lucky One
62%
Mexico City N1 I Forgot That You Existed | Sweet Nothing
61%
Minneapolis N1 Paper Rings | If This Was A Movie
60%
Chicago N2 You All Over Me | I Don't Wanna Live Forever
57%
Tokyo N2 Eyes Open | Electric Touch
55%
São Paulo N2 Safe & Sound | Untouchable
55%
No matching quizzes found
Score Distribution
Percent of People with Each Score
Percentile by Number Answered
Your Score History
You have not taken this quiz since the last reset